Movies Quiz

Random Movies Quiz

John Waters Films Quiz Stats

 Plays Quiz not verified by Sporcle

Support Sporcle.
Go Orange.
Score 0/16 Timer 04:00
0 Plays Today
Year Film % Correct
1988Hairspray
97.7%
1972Pink Flamingos
93%
1990Cry-Baby
90.7%
1974Female Trouble
86%
1998Pecker
83.7%
2000Cecil B. Demented
83.7%
1981Polyester
81.4%
1994Serial Mom
81.4%
Year Film % Correct
2004A Dirty Shame
72.1%
1969Mondo Trasho
69.8%
1977Desperate Living
67.4%
1968Eat Your Makeup
65.1%
1970Multiple Maniacs
62.8%
1966Roman Candles
48.8%
1970The Diane Linkletter Story
39.5%
1964Hag In a Leather Jacket
18.6%

You're not logged in!

Compare scores with friends on all Sporcle quizzes.
OR
Log In

From the Vault

30 Famous Movie Taglines

by mason88

It helps when a good movie is also well-marketed.
Remove Ads.
Support Sporcle.
Get the best of Sporcle when you Go Orange. This ad-free experience offers more features, more stats, and more fun while also helping to support Sporcle. Thank you for becoming a member.

Show Comments

Extras

Created Mar 20, 2012SourceReportNominate
Tags:John Waters

Top Quizzes Today


Score Distribution

Your Account Isn't Verified!

In order to create a playlist on Sporcle, you need to verify the email address you used during registration. Go to your Sporcle Settings to finish the process.

Report this User

Report this user for behavior that violates our Community Guidelines.

Details: